000
00322nam a2200157Ia 4500
100
_a
Rao/P.N
650
_a
MANUFACTURING
942
_c
BK
366
_f
20
245
_a
Manufacturing technology vol.1
260
_b
McGraw - Hill
_c
2009
082
_a
670/RAO
_b
RAO
300
_a
502
546
_a
ENGLISH
999
_c
29430
_d
29430